000 00425nam a22001337a 4500
003 SGT
020 _a9789392787225
082 _a615.82,RAJ
100 _aरस्तोगी राजीव
245 _aप्राकृतिक चिकित्सा एवं योग पूर्ण स्वास्थ्य का मूल आधार
260 _aNEW DELHI
_bSSB
_c2022
300 _a54
942 _2ddc
_cBK
999 _c32169
_d32169